| 000 | 00623nam a2200217 a 4500 | ||
|---|---|---|---|
| 005 | 20220523120653.0 | ||
| 008 | 991125s1986 ag 000 0 spa u | ||
| 020 | _a9500202158 | ||
| 035 | _aUPN01000005825 | ||
| 049 | _aCG | ||
| 050 | 4 |
_aQH581.2 _bR6.3 1986 |
|
| 100 | 1 | _aRobertis, E. D. P. de | |
| 245 | 1 | 0 |
_aBiología celular y molecular / _cE. D. P. de Robertis, E. M. F. de Robertis. |
| 250 | _a11a ed. | ||
| 260 |
_aBuenos Aires : _bEl Ateneo, _c1986. |
||
| 300 |
_a638 p. : _bil. |
||
| 650 | 4 |
_aBIOLOGIA MOLECULAR _94945 |
|
| 650 | 2 |
_aCélulas _96543 |
|
| 700 | 1 |
_aRobertis, E. M. F. de, _ecoaut. |
|
| 905 | _aLibro | ||
| 999 |
_c5825 _d5825 |
||